The Essence of Supreme Reality/ (Record no. 212089)

MARC details
000 -LEADER
fixed length control field 00507nam a22001697a 4500
005 - DATE AND TIME OF LATEST TRANSACTION
control field 20250704141727.0
010 ## - LCCN (DPL NO)
LC control number ENG-145644
020 ## - INTERNATIONAL STANDARD BOOK NUMBER
Terms of availability 500.00
International Standard Book Number 9788121513555
035 ## - SYSTEM CONTROL NUMBER
System control number EN-129176
037 ## - SOURCE OF ACQUISITION
Source of stock number/acquisition DBAD
082 ## - DEWEY DECIMAL CLASSIFICATION NUMBER
Classification number 181.49
245 ## - TITLE STATEMENT
Title The Essence of Supreme Reality/
Statement of responsibility, etc Moti Lal Pandit
260 ## - PUBLICATION, DISTRIBUTION, ETC. (IMPRINT)
Place of publication, distribution, etc New Delhi
Name of publisher, distributor, etc Munshiram Manharlal Pvt. Ltd.
Date of publication, distribution, etc 2021
270 ## - ADDRESS
Address 54 Ram Jhansi Road, New Delhi
City New Delhi
Postal code 110055
300 ## - PHYSICAL DESCRIPTION
Extent 173p.
Dimensions 22.2cm(hb)
942 ## - ADDED ENTRY ELEMENTS (KOHA)
Source of classification or shelving scheme Dewey Decimal Classification
Item type English Books
Classification part 181.49
Call number suffix The

No items available.


© Delhi Public Library
Hit Counter
free hit counter